00274nam a2200121Ia 4500008004100000100002000041245001400061260002600075300000900101650001800110942000700128999001700135190216s9999||||xx |||||||||||||| ||und|| aNobel Laureates 0aDrumbeats bB I Publicationc1991 a149p aEnglish Prose cBK c13630d13630